000
00294nam a2200133Ia 4500
100
_a
Collins/W.J
942
_c
BK
654
_a
Pascal Programming
245
_a
Intermediate Pascal Programming
260
_b
McGraw Hill
_a
New York
_c
1987
082
_a
1.6
300
_a
395
546
_a
ENGLISH
999
_c
34067
_d
34067